| 000 | 00755nam a2200205 i 4500 | ||
|---|---|---|---|
| 001 | bg | ||
| 245 | 0 | 0 |
_aKatalog maszyn rolniczych : _bproducenci, dystrybutorzy [dokument elektroniczny] / _cInstytut Mechanizacji i Elektryfikacji Rolnictwa. |
| 250 | _awersja popr. i uzup. | ||
| 260 |
_aWarszawa : _bIBMER, _c2005. |
||
| 300 | _a1 dysk optyczny [CD ROM]. | ||
| 650 | 9 |
_aRolnictwo _xnarzędzia i maszyny |
|
| 655 | _aKatalogi | ||
| 710 | 0 | _aInstytut Mechanizacji i Elektryfikacji Rolnictwa | |
| 040 | _cBPK | ||
| 041 | 0 | _apol | |
| 080 | _a631.3(085.2) | ||
| 942 | _cCD | ||
| 008 | s pl f |000 0 pol | ||
| 999 |
_c24052 _d24052 |
||
| 856 |
_uhttp://koha.tu.koszalin.pl/cgi-bin/koha/opac-detail.pl?biblionumber=24052 _yKatalog online BPK |
||